Tom Holland ou François Hollande ? - Statistiques

Statistiques générales
  • Ce quiz a été pris 10 fois
  • Le résultat moyen est 8 sur 11
Statistiques - réponses
Hint Explanation Réponse % Correct
A été magistrat à la Cour des comptes François Hollande
100%
A exercé des mandats politiques François Hollande
100%
Est associé à l'image de Spider-Man Tom Holland
100%
A épousé une actrice Tom Holland est l'époux de Zendaya, alors que François Hollande a épousé Julie Gayet. Les Deux
90%
Est ambassadeur de la marque Prada Tom Holland
90%
Est né en France François Hollande est né à Rouen alors que Tom Holland est né en Angleterre. François Hollande
80%
Est millionnaire Les Deux
80%
A joué dans des films En plus de Tom Holland qui est acteur professionnel, François Hollande a joué son propre rôle dans 10 films, ainsi que celui d'une bactérie dans "Silex and the City, le film" Les Deux
50%
A créé une association avec ses frères Il crée avec ses frères en 2017 l'association caritative The Brothers Trust, dont le but est de récolter de l'argent pour diverses causes. Tom Holland
40%
Est apparu dans une vidéo de Mcfly et Carlito Il a joué a Pic Pirate avec eux, sur une vidéo parue en février 2022. Tom Holland
30%
Est passionné de golf Tom Holland
30%
Aucun quiz correspondant
Distribution des résultats
% des personnes avec chaque résultat
Percentile par nombre de réponses
Votre historique - résultats
Vous n’avez pas pris ce quiz